Green Travel Nemzetközi Utazási Iroda Helyzete Napjainkban a Törökországi Belpolitikai Válság Hatására

Bibliographic Details
Main Author: Gonda Eszter
Other Authors: Schablik dr Vilmos
Format: Project work
Kulcsszavak:Green Travel
Utazásszervezés
Törökország
Terrorizmus hatása
Válság
Online Access:http://dolgozattar.uni-bge.hu/12100

MARC

LEADER 00000nnm a2200000 i 4500
001 dolg12100
005 20170614103343.0
008 170518suuuu hu o 000 hun d
040 |a BGE Dolgozattár Repozitórium  |b hun 
041 |a hu 
100 1 |a Gonda Eszter 
245 1 0 |a Green Travel Nemzetközi Utazási Iroda Helyzete Napjainkban a Törökországi Belpolitikai Válság Hatására  |c Gonda Eszter  |h [elektronikus dokumentum] 
246 1 1 |a Green Travel Nemzetközi Utazási Iroda Helyzete Napjainkban a Törökországi Belpolitikai Válság Hatására 
246 1 1 |a - 
516 |a Project_work 
695 |a Green Travel 
695 |a Utazásszervezés 
695 |a Törökország 
695 |a Terrorizmus hatása  
695 |a Válság 
700 1 |a Schablik dr Vilmos  |e ths 
856 4 0 |u http://dolgozattar.uni-bge.hu/12100/1/PROJEKTMUNKA%20Gonda%20Eszter%20pdf.pdf  |z Dokumentum-elérés